| 000 | 00526nam a2200169 4500 | ||
|---|---|---|---|
| 001 | 136084 | ||
| 003 | ES-MaACL | ||
| 005 | 20230906195030.0 | ||
| 007 | t| | ||
| 008 | 070214s1971 sp r ||||1| spa d | ||
| 100 | 1 |
_aRoy, Alain. _9100194 |
|
| 245 | 1 | 0 |
_aInterpol _b: casos perseguidos y descubiertos por la policía criminal internacional / _cAlain Roy ; versión de Diorki. |
| 260 |
_aBarcelona : _bAcervo, _c1971. |
||
| 300 |
_a1 v. : _bil. ; _c19 cm. |
||
| 710 | 2 |
_aDiorki. _93392 |
|
| 852 |
_aES-MaACL _jP-1844 _bR.76683 |
||
| 999 |
_c136084 _d136084 |
||